000 00695nam a2200205 a 4500
001 000009504
005 20240412074211.0
008 090930s2004 dr 000 0 spa d
040 _aDO-SdBNP
_bspa
_cBNPHU
082 _aRD861.44
_bA658u
100 1 _aAracena Disla, Mercedes
_924316
245 1 0 _aUn espacio bajo el sol /
_cMercedes Aracena Disla ; prefacio Carmen Marina de Jesús.
260 _aSan Francisco de Macorís :
_bTiempo,
_c[200?],.
300 _a44 p. :
_bil. ;
_c21 cm.
590 _aInventariado, 2018/LP
650 0 _aPoesía dominicana
_966
650 0 _aLiteratura dominicana.
_967
700 1 2 _aJesús, Carmen Marina de
_924317
910 _aValidado. Control de calidad BNPHU
999 _c9264
_d9264